| 000 | 00484nam a22001697a 4500 | ||
|---|---|---|---|
| 005 | 20231123135734.0 | ||
| 008 | 231123b |||||||| |||| 00| 0 eng d | ||
| 020 | _a0862103053 | ||
| 041 | _aEnglish | ||
| 082 | _a341.48 AMN | ||
| 100 | _lEnglish | ||
| 245 | _aRacism and the Administration of Justice | ||
| 260 |
_aLondon : _bAmnesty International, _c2001 |
||
| 300 |
_bv, 126 pages ; _c24 cm. |
||
| 650 |
_aLegal practice _bLaw |
||
| 942 |
_cBK _6ALISON_BN_VRIES |
||
| 999 |
_c901 _d901 |
||